Library Logo

Pioneer International University Library Catalogue

A family affair / (Record no. 9479)

MARC details
000 -LEADER
fixed length control field 00643cam a22002297a 4500
001 - CONTROL NUMBER
control field 17476398
003 - CONTROL NUMBER IDENTIFIER
control field OSt
005 - DATE AND TIME OF LATEST TRANSACTION
control field 20250901165815.0
008 - FIXED-LENGTH DATA ELEMENTS--GENERAL INFORMATION
fixed length control field 120927s2011 ke 000 1 eng
010 ## - LIBRARY OF CONGRESS CONTROL NUMBER
LC control number 2012311912
020 ## - INTERNATIONAL STANDARD BOOK NUMBER
International Standard Book Number 9789966228574
040 ## - CATALOGING SOURCE
Original cataloging agency DLC
Transcribing agency DLC
042 ## - AUTHENTICATION CODE
Authentication code lcode
050 00 - LIBRARY OF CONGRESS CALL NUMBER
Classification number PR 9408.9 .O33 2011
100 1# - MAIN ENTRY--PERSONAL NAME
Personal name Wandera, Billy Ogana.
245 12 - TITLE STATEMENT
Title A family affair /
Statement of responsibility, etc. Wandera Ogana.
260 ## - PUBLICATION, DISTRIBUTION, ETC.
Place of publication, distribution, etc. Nairobi, Kenya :
Name of publisher, distributor, etc. Jomo Kenyatta Foundation,
Date of publication, distribution, etc. 2011.
300 ## - PHYSICAL DESCRIPTION
Extent 220 p. ;
Dimensions 21 cm.
906 ## - LOCAL DATA ELEMENT F, LDF (RLIN)
a 7
b cbc
c origode
d 4
e ncip
f 20
g y-gencatlg
942 ## - ADDED ENTRY ELEMENTS (KOHA)
Source of classification or shelving scheme Library of Congress Classification
Koha item type Books
Holdings
Withdrawn status Lost status Source of classification or shelving scheme Damaged status Not for loan Collection Home library Current library Shelving location Date acquired Source of acquisition Total checkouts Full call number Barcode Date last seen Copy number Price effective from Koha item type
    Library of Congress Classification       Main Library Main Library   03/21/2025 Donation from KICD   PR 9408.9 .O33 2011 PIUD0000316 03/28/2025 1 03/28/2025 Books